Statistics for World Countries with One Border (with a map)

Click here to take the quiz!

General Stats

  • This quiz has been taken 293 times
  • The average score is 15 of 17

Answer Stats

Country % Correct
Lesotho
96%
South Korea
95%
Portugal
95%
Ireland
95%
Canada
94%
Haiti
93%
Dominican Republic
91%
Papua New Guinea
90%
United Kingdom
89%
Vatican City
89%
San Marino
87%
Denmark
87%
Gambia
79%
Brunei
79%
Monaco
77%
Qatar
77%
East Timor
75%

Score Distribution

Percentile by Number Answered

Percent of People with Each Score

Your Score History

You have not taken this quiz